Active galactic nuclei based on the proceedings of a nato advanced study institu / (Record no. 28767)

000 -LEADER
fixed length control field 00411 a2200121 4500
003 - CONTROL NUMBER IDENTIFIER
control field NUST
005 - DATE AND TIME OF LATEST TRANSACTION
control field 20180117112005.0
008 - FIXED-LENGTH DATA ELEMENTS--GENERAL INFORMATION
fixed length control field 180117b xxu||||| |||| 00| 0 eng d
040 ## - CATALOGING SOURCE
Transcribing agency nust
082 ## - DEWEY DECIMAL CLASSIFICATION NUMBER
Classification number 523.112 HAZ
100 1# - MAIN ENTRY--PERSONAL NAME
Personal name Hazard, C. , and S. Mitton.
9 (RLIN) 8520
245 10 - TITLE STATEMENT
Title Active galactic nuclei based on the proceedings of a nato advanced study institu /
Statement of responsibility, etc. C. , and S. Mitton Hazard.
260 ## - PUBLICATION, DISTRIBUTION, ETC.
Place of publication, distribution, etc. [S.l.] :
Name of publisher, distributor, etc. Cambridge University Press, NY,
Date of publication, distribution, etc. 1979.
300 ## - PHYSICAL DESCRIPTION
Extent 1 v. (unpaged)
500 ## - GENERAL NOTE
General note Hardcover.
942 ## - ADDED ENTRY ELEMENTS (KOHA)
Institution code [OBSOLETE] SNS
Koha item type Book
Call number prefix 523.112 HAZ
Source of classification or shelving scheme
Holdings
Withdrawn status Lost status Damaged status Not for loan Permanent Location Current Location Date acquired Total Checkouts Full call number Barcode Date last seen Price effective from Koha item type
        School of Natural Sciences (SNS) School of Natural Sciences (SNS) 05/26/2016   523.112 HAZ SNS0000021 05/26/2016 05/26/2016 Book
© 2023 Central Library, National University of Sciences and Technology. All Rights Reserved.